00401nam a22001572 4500001001100000005001700011008004100028040001500069100003100084245004500115250001300160260003200173300001200205650002300217852000300240000000974220151217155843.0081125s xx 000 0 eng d aKABUcKABU1 aDriberg, J. H.@000016150910aEngato :bthe lion cub /cJ. H. Driberg. a1st ed. aLondon :bRoutledge,c1933. a151 p. 0aLions.@00001615101